000 00555nam a2200229Ia 4500
003 OSt
005 20220923225941.0
006 a|||||r|||| 00| 0
007 ta
008 Pun
024 _a276,121
037 _cTextual
040 _aARTS
_cARTS
_bPun
041 _2Pun
_aPun
082 _aO153,1N37x, L1
100 _aFਿਵ ਕੁਮਾਰ
245 0 _aਆਰਤੀ
260 _c1973
650 _aਪੰਜਾਬੀ ਸਾਹਿਤ
942 _hO153,1N37x, L1
_cTEXL
_2CC
999 _c381541
_d381541